000
00283nam a2200109Ia 4500
008
200302s9999 xx 000 0 und d
100
_a
Luis R. Gomez-Mejia
245
_a
Managing Human Resources 5th ed.
260
_b
P H I Learning Private Limited
260
_c
2009
300
_a
639 P.,
999
_c
2528
_d
2528